| 000 | 00542nam a22002057a 4500 | ||
|---|---|---|---|
| 003 | OSt | ||
| 005 | 20140310181939.0 | ||
| 008 | 130724t xxu||||| |||| 00| 0 eng d | ||
| 020 | _a0816708509 | ||
| 050 |
_aPR 4622 _b.D754 1987 |
||
| 082 |
_aCLA _bD77s 1987 |
||
| 100 |
_aDoyle, Arthur Conan _93560 |
||
| 245 |
_aA study in scarlet / _cArthur Conan Doyle |
||
| 260 |
_aMahwah, New Jersey : _bWatermill Press, _cc1987. |
||
| 300 |
_a151 p. _c18 cm. |
||
| 541 | _j1 | ||
| 562 | _e1 | ||
| 650 |
_aFiction _9746 |
||
| 942 |
_2lcc _cBBK _kCLA |
||
| 999 |
_c7612 _d7612 |
||